<?xml version="1.0" encoding="UTF-8"?>
<record
    xmlns:xsi="http://www.w3.org/2001/XMLSchema-instance"
    xsi:schemaLocation="http://www.loc.gov/MARC21/slim http://www.loc.gov/standards/marcxml/schema/MARC21slim.xsd"
    xmlns="http://www.loc.gov/MARC21/slim">

  <leader>04540    a2200337   4500</leader>
  <controlfield tag="003">NALT</controlfield>
  <controlfield tag="005">20250404160620.0</controlfield>
  <controlfield tag="008">210729t20212014enk     ob    101 0 eng d</controlfield>
  <datafield tag="020" ind1=" " ind2=" ">
    <subfield code="a">9781849468428</subfield>
  </datafield>
  <datafield tag="040" ind1=" " ind2=" ">
    <subfield code="a">NALT</subfield>
  </datafield>
  <datafield tag="100" ind1="1" ind2=" ">
    <subfield code="a">O'Brien, Derek.</subfield>
    <subfield code="9">64456</subfield>
  </datafield>
  <datafield tag="245" ind1="1" ind2="4">
    <subfield code="a">The constitutional systems of the Commonwealth Caribbean :</subfield>
    <subfield code="b">a contextual analysis /</subfield>
    <subfield code="c">Derek O'Brien.</subfield>
    <subfield code="h">[electronic resource]</subfield>
  </datafield>
  <datafield tag="300" ind1=" " ind2=" ">
    <subfield code="a">Online resource </subfield>
  </datafield>
  <datafield tag="505" ind1="0" ind2=" ">
    <subfield code="a">E -- . Regulating the Financial Interests of MPsPart III: Parliament's Law-Making Powers; A -- . The Law-Making Process; B -- . Constraints on Parliament's Law-Making Powers; -- 1. Procedural Limitations; -- 2. Substantive Limitations; Part IV: Scrutiny of the Executive; A -- . Scrutiny of Policy and Administration; B -- . Financial Scrutiny; -- 1. Auditors General; -- 2. Public Accounts Committees (PACs); Conclusion; -- 6. THE CONSTITUIONAL ROLE OF THE COURTS; Part I: Background; Part II: Judicial Independence: National Courts and the Eastern Caribbean Supreme Court (ECSC); A -- . Appointment of Judges; B -- . Removal of Judges.</subfield>
  </datafield>
  <datafield tag="505" ind1="0" ind2=" ">
    <subfield code="a">Part III: The Public ServiceA -- . Public Service Commissions (PSCs); B -- . Independence, Racial Divisions, Ideological Differences and the Problems of Small Island States; C -- . New Public Management (NPM); -- 1. Executive Agencies; -- 2. Privatisaion of Public Services; Conclusion; -- 5. PARLIAMENT; Part I: Introduction; Part II: Membership and Structural Organisation of Commonwealth Caribbean Parliaments; A -- . Members of Parliament (MPs); -- 1. Elected Members; -- 2. Nominated Members; B -- . Leader of the Opposition; C -- . The Speaker; D -- . Privileges of Parliament; -- 1. Freedom of Speech; -- 2. Control of Parliamentary Affairs.</subfield>
  </datafield>
  <datafield tag="505" ind1="0" ind2=" ">
    <subfield code="a">Part IV: Financing of Political Parties and Access to the MediaA -- . Regulating the Financing of Political Parties and Election Campaigns; B -- . Regulating Access to the Media; Conclusion; -- 4. THE EXECUTIVE; Part I: Introduction; Part II: The Prime Minister and the Cabinet; A -- . The Prime Minister; -- 1. Appointment and Removal; -- 2. Powers; B -- . The Cabinet; -- 1. Appointment and Removal of Ministers; -- 2. Functions of Ministers; C -- . Ministerial Accountability; -- 1. Collective Responsibility; -- 2. Individual Ministerial Responsibility; D -- . Guyana: From Executive Presidency to Semi-Presidentialism.</subfield>
  </datafield>
  <datafield tag="505" ind1="0" ind2=" ">
    <subfield code="a">B -- . Appointment and Removal of Governors General and Presidents -- 1. Governors General; -- 2. Presidents; Part IV: Judicial Review of the Constitutional Functions of Presidents and Governors General; A -- . Susceptibility to Judicial Review; -- 1. Common Law; -- 2. Immunity Clauses; -- 3. Ouster Clauses; B -- . Justiciability; Conclusion; -- 3. ELECTORAL SYSTEMS; Part I: Background; Part II: Electoral Systems; A. 'First Past the Post' (FPTP); B -- . Guyana and the 'Party List' System; Part III: Management and Administration of Elections; A -- . Constituency Boundaries Commission (CBC); B -- . Electoral Management Bodies.</subfield>
  </datafield>
  <datafield tag="505" ind1="0" ind2=" ">
    <subfield code="a">Cover; Half-title; Title; Copyright; Preface; Contents; Table of Cases; Table of Legislation; INTRODUCTION; -- 1. CONSTITUTIONAL HISTORY; Part I: Background; Part II: Colonial Government; A -- . The 'Representative System'; B. 'Crown Colony Rule'; C -- . Federation; Part III: Independence; A -- . The Decolonisation Process; B -- . The Independence Constitutions; -- 1. The 'Westminster Model'; -- 2. Bills of Rights; Conclusion; -- 2. THE HEAD OF STATE; Part I: Background; Part II: The Crown as Head of State; Part III: The Constituional Framework; A -- . Functions of the Head of State.</subfield>
  </datafield>
  <datafield tag="520" ind1=" " ind2=" ">
    <subfield code="a">This book offers a comprehensive contextual analysis of the constitutional systems of the Commonwealth Caribbean taking into account the region's colonial past as well as considering notable developments that have occurred since independence.</subfield>
  </datafield>
  <datafield tag="650" ind1=" " ind2="0">
    <subfield code="a">Constitutional &amp; administrative law</subfield>
  </datafield>
  <datafield tag="650" ind1=" " ind2="0">
    <subfield code="a">Constitutional law</subfield>
    <subfield code="z">West Indies, British</subfield>
  </datafield>
  <datafield tag="650" ind1=" " ind2="0">
    <subfield code="a">Constitutional law</subfield>
    <subfield code="z">Commonwealth countries</subfield>
  </datafield>
  <datafield tag="650" ind1=" " ind2="0">
    <subfield code="a">Constitutional law</subfield>
    <subfield code="z">Caribbean Area</subfield>
  </datafield>
  <datafield tag="650" ind1=" " ind2="0">
    <subfield code="a">Constitutions </subfield>
    <subfield code="z">West Indies, British</subfield>
    <subfield code="9">64457</subfield>
  </datafield>
  <datafield tag="650" ind1=" " ind2="0">
    <subfield code="a">Constitutions </subfield>
    <subfield code="z">Commonwealth countries</subfield>
    <subfield code="9">64458</subfield>
  </datafield>
  <datafield tag="650" ind1=" " ind2="0">
    <subfield code="a">Constitutions </subfield>
    <subfield code="z">Caribbean Area</subfield>
    <subfield code="9">64459</subfield>
  </datafield>
  <datafield tag="650" ind1=" " ind2="0">
    <subfield code="a">Constitutions </subfield>
    <subfield code="z">Commonwealth countries </subfield>
    <subfield code="x">Analysis</subfield>
    <subfield code="9">65684</subfield>
  </datafield>
  <datafield tag="856" ind1="4" ind2="0">
    <subfield code="u">https://doi.org/10.5040/9781849468428?locatt=label:secondary_bloomsburyCollections</subfield>
    <subfield code="z">E-Book</subfield>
  </datafield>
  <datafield tag="942" ind1=" " ind2=" ">
    <subfield code="c">EBK</subfield>
    <subfield code="2">lcc</subfield>
  </datafield>
  <datafield tag="952" ind1=" " ind2=" ">
    <subfield code="0">0</subfield>
    <subfield code="1">0</subfield>
    <subfield code="2">lcc</subfield>
    <subfield code="4">0</subfield>
    <subfield code="7">0</subfield>
    <subfield code="8">CCON</subfield>
    <subfield code="a">NALT</subfield>
    <subfield code="b">NALT</subfield>
    <subfield code="c">ONLINE</subfield>
    <subfield code="d">2024-06-26</subfield>
    <subfield code="e">40</subfield>
    <subfield code="r">2024-06-26</subfield>
    <subfield code="y">EBK</subfield>
  </datafield>
  <datafield tag="996" ind1=" " ind2=" ">
    <subfield code="a">jamriang.p</subfield>
    <subfield code="b">CATSTF	</subfield>
    <subfield code="c">2024-07-25</subfield>
  </datafield>
  <datafield tag="999" ind1=" " ind2=" ">
    <subfield code="c">105409</subfield>
    <subfield code="d">105409</subfield>
  </datafield>
  <datafield tag="998" ind1=" " ind2=" ">
    <subfield code="j">1020</subfield>
    <subfield code="k"> &#xE19;&#xE32;&#xE07;&#xE08;&#xE33;&#xE40;&#xE23;&#xE35;&#xE22;&#xE07;  &#xE23;&#xE30;&#xE27;&#xE31;&#xE07;&#xE2A;&#xE33;&#xE42;&#xE23;&#xE07;</subfield>
  </datafield>
</record>
